000 00765nas a2200241 4500
001 BR9206468
003 BR-BrBNA
005 20231205092926.0
007 ta
008 230509b bl.|||p| |||| 00| 00por d
040 _aBR-BrBNA
_bpor
_cBiblioteca Nacional de Agricultura
041 _a(Pt)
072 _aL74
100 1 _aVinha, N.A.
100 1 _aRodrigues, C.F.M.
100 1 _aPiza, E. de T.
245 1 _aEstudo morfologico de um caso de Amorphus globosus em bovinos
650 _aBOVINO
650 _aDISTURBIO GENETICO
773 0 _tArquivos da Escola de Veterinaria da Universidade Federal de Minas Gerais (Brazil)
_xISSN 0365-8384
_g(Dec 1982), v. 34(3) p. 523-527
_wBR9206468
909 _a202311
_bLúcia
_c55
_dLúcia Elande
942 _2AGRIS
_n0
_cANA
999 _c135153
_d135153